000
00290pam a2200121 a 4500
020
_c
041
_a
eng
100
_a
Oscar Wilde.
245
_a
Moscow Progress Publecation From Oscur
_h
Textual Documents
260
_a
[s.l]:
_b
Moscoe Progress Publishing
300
_a
443p.
930
_a
15539
999
_c
92439
_d
92439